Alternative policies for financing higher education /

Պահպանված է:
Մատենագիտական մանրամասներ
Հիմնական հեղինակ: Boeninger Kausel, Edgardo
Ձևաչափ: Տեքստ
Ցուցիչներ: Ավելացրեք ցուցիչ
Չկան պիտակներ, Եղեք առաջինը, ով նշում է այս գրառումը!

MARC

LEADER 00000 a a2200000 04500
001 45647
003
040 |a CRAI/IIS  |c CRAI/IIS 
100 |a Boeninger Kausel, Edgardo  
245 |a Alternative policies for financing higher education /  |c Edgardo Boeninger Kausel  
773 |g páginas 321-357: tablas  
999 |c 18338  |d 18338